| 000 | 01442nam a2200409 i 4500 | ||
|---|---|---|---|
| 001 | 12461 | ||
| 003 | KOSZ 005 | ||
| 005 | 20200423133129.0 | ||
| 008 | 990506s1968 pl a f d 000 0 pol | ||
| 015 | _aPB 1968/8829 | ||
| 040 |
_aWA N _cWA N _dKOSZ 005/RW _dKOSZ 005/HR |
||
| 041 | 0 |
_apol _aeng |
|
| 046 | _k1968 | ||
| 080 | _a338.4(26)(038)=111=162.1 | ||
| 080 | _a656.6(038)=111=162.1 | ||
| 080 | _a629.12(038)=111.162.1 | ||
| 245 | 0 | 0 |
_aSłownik morski angielsko-polski i polsko-angielski = _bEnglish-Polish and Polish-English maritime dictionary / _cred. Szymon Milewski. |
| 246 | 3 | 1 | _aEnglish-Polish and Polish-English maritime dictionary. |
| 250 | _aWyd. 3. | ||
| 260 |
_aWarszawa : _bWydawnictwa Naukowo-Techniczne, _c1968. |
||
| 300 |
_a[8], 246, 191, [1] s. : _bil. ; _c18 cm. |
||
| 380 | _aKsiążki. | ||
| 388 | _a1901-2000 | ||
| 650 | 4 | _aŻegluga | |
| 658 | _aInżynieria i technika | ||
| 658 | _aJęzykoznawstwo | ||
| 655 | 4 | _aSłownik polsko-angielski | |
| 650 | 4 | _aStatki | |
| 650 | 4 | _aTerminologia | |
| 655 | 4 | _aSłownik terminologiczny | |
| 655 | 4 | _aSłownik angielsko-polski | |
| 650 | 4 | _aGospodarka morska | |
| 710 | 2 |
_aWydawnictwa Naukowo-Techniczne _4pbl. |
|
| 700 | 1 |
_aMilewski, Szymon _eRedakcja |
|
| 856 |
_uhttp://koha.tu.koszalin.pl/cgi-bin/koha/opac-detail.pl?biblionumber=12461 _yKatalog online BPK |
||
| 942 |
_2UKD _cKS |
||
| 999 |
_c12461 _d12461 |
||